000 00841nam a22002177a 4500
999 _c6666
_d6666
003 AR-CdUCM
008 190319b ||||| |||| 00| 0 spa d
040 _aMUNICIPALIDAD PROVINCIAL DEL CUSCO
_cBIBLIOTECA MUNICIPAL DEL CUSCO
082 _a023.2 /
_bL68
100 _aLitton, Gastón
_918753
245 _aEl bibliotecario /
260 _aBuenos Aires :
_bBowker Editores,
_c1973.
300 _a242 páginas ;
_c18 cm.
440 _aBreviarios del bibliotecario.
_n13
_918754
505 _aContenido: ¿Qué es un bibliotecario? -- Sus cualidades y atributos -- Perfil del bibliotecario -- Papel educador del bibliotecario -- Otros campos de acción del bibliotecario ...
650 _aBibliotecología
_918755
650 _aBibliotecarios
_918756
650 _aProfesión de bibliotecario
_918757
942 _2ddc
_cLIBROS
945 _aachl